|
|
|
|
| LEADER |
00000nam0a2200000 4500 |
| 001 |
165182 |
| 005 |
20231031161644.0 |
| 010 |
|
|
|a 5283046389
|
| 020 |
|
|
|a RU
|b 91-57230
|
| 035 |
|
|
|a (RuTPU)RU\TPU\book\179193
|
| 090 |
|
|
|a 165182
|
| 100 |
|
|
|a 20090915d1991 k y0rusy5003 ca
|
| 101 |
0 |
|
|a rus
|
| 102 |
|
|
|a RU
|
| 105 |
|
|
|a a z 001zy
|
| 200 |
1 |
|
|a Электропривод роторного зернистого фильтра и сирены
|f Ю. П. Добробаба, А. В. Нестеров, С. В. Нестеров
|g Центральное и Краснодарское краевое правление ВНТОЭ
|
| 210 |
|
|
|a Ленинград
|c Энергоатомиздат
|d 1991
|
| 215 |
|
|
|a 48 с.
|c ил.
|d 21 см
|
| 320 |
|
|
|a Библиогр.: с. 43-45 (42 назв.)
|
| 610 |
1 |
|
|a газоочистка
|
| 610 |
1 |
|
|a зернистые фильтры
|
| 610 |
1 |
|
|a электроприводы
|
| 610 |
1 |
|
|a роторы
|
| 675 |
|
|
|a 66.07
|z rus
|
| 700 |
|
1 |
|a Добробаба
|b Ю. П.
|g Юрий Петрович
|4 070
|
| 701 |
|
1 |
|a Нестеров
|b А. В.
|g Александр Владимирович
|
| 701 |
|
1 |
|a Нестеров
|b С. В.
|g Сергей Владимирович
|
| 712 |
0 |
2 |
|a Всесоюзное научно-техническое общество энергетиков и электротехников (ВНТОЭ)
|b Центральное и Краснодарское краевое правление
|c (1987-1991)
|2 stltpush
|3 (RuTPU)RU\TPU\col\14923
|
| 801 |
|
0 |
|a RU
|b RuMRKP
|c 19950417
|g psbo
|
| 801 |
|
1 |
|a RU
|b 63413507
|c 20090915
|
| 801 |
|
2 |
|a RU
|b 63413507
|c 20100629
|g RCR
|
| 942 |
|
|
|c BK
|